[Event "Ambalangoda Dhamso op 6th"]
[Site "Ambalangoda"]
[Date "2016.04.29"]
[Round "2"]
[White "Sandeepa, H Niruksha Akshith"]
[Black "Tharuki, AVG Irushi"]
[Result "1-0"]
[WhiteElo "1851"]
[BlackElo "1198"]
[PlyCount "67"]
[EventDate "2016.04.29"]
[EventType "swiss"]
[EventRounds "9"]
[EventCountry "SRI"]
[SourceTitle "EXT 2017"]
[Source "ChessBase"]
[SourceDate "2016.10.25"]
[SourceVersion "1"]
[SourceVersionDate "2016.10.25"]
[SourceQuality "1"]

1. e4 e6 2. d3 c6 3. g3 Ne7 4. Bg2 d5 5. e5 Ng6 6. d4 c5 7. c3 Nc6 8. Ne2 Be7 9. h4 cxd4 10. cxd4 Bb4+ 11. Nbc3 Nge7 12. a3 Ba5 13. 0-0 Bb6 14. Bg5 a6 15. Qa4 Bd7 16. Qd1 h6 17. Bxe7 Nxe7 18. Qb3 Nf5 19. Rfd1 Rc8 20. Nxd5 exd5 21. Bxd5 Rf8 22. Bxb7 Rb8 23. Qf3 a5 24. Be4 g6 25. Rac1 Ba7 26. Rd2 Be6 27. d5 a4 28. Rcd1 Rb3 29. dxe6 Qxd2 30. Qxb3 Qxe2 31. Bc6+ Ke7 32. Rd7+ Ke8 33. exf7+ Rxf7 34. Qxf7# 1-0